Jamaica Parish Capitals - Statistics

General Stats
  • This quiz has been taken 162 times
  • The average score is 11 of 14
Answer Stats
Hint Answer % Correct
Kingston Kingston
91%
Saint James Montego Bay
82%
Manchester Mandeville
80%
Clarendon May Pen
80%
Saint Elizabeth Black River
78%
Saint Catherine Spanish Town
78%
Trelawny Falmouth
76%
Westmoreland Savanna-la-Mar
76%
Saint Ann Saint Ann's Bay
73%
Portland Port Antonio
71%
Saint Andrew Half Way Tree
69%
Hanover Lucea
69%
Saint Thomas Morant Bay
67%
Saint Mary Port Maria
67%
No matching quizzes found
Score Distribution
Percent of People with Each Score
Percentile by Number Answered
Your Score History
You have not taken this quiz